00370nam a22001097a 4500008004100000082002100041110000900062245008300071260007600154300001000230440002000240230602b xxu||||| |||| 00| 0 eng d a301.0720519bDEV d2011 aDevelopment and SocietycThe Institution of Social Development Policy Research aKoreabThe Institution of Social Development Policy ResearchcJune 2011 a250 p n1v40x15988074